000 00434nam a2200181Ia 4500
008 230711s9999||||xx |||||||||||||| ||und||
020 _a978-93-80735-70-2
041 _aENG
082 _a658
_bJA-M
100 _aJain,T.R
245 0 _aMicroeconomics
250 _a1st
260 _c2013
_aNew Delhi
_bVK Global Publications Pvt.Lid
300 _a464
650 _aUNIVESITY BUSNIESS SCHOOL
700 _aSandhu,A.S
942 _cBK
999 _c5560
_d5560